00675nam a2200241 a 4500001001300000003000900013005001700022008004100039020000800080082001500088100002700103245002200130260003200152300000900184500003500193505003000228650002500258700002700283902000800310942000700318952009300325999001500418nice12345678IN_TiNIC20260116011539.0050524s1904 lona grp 000 0 per  ac000a297.5bJAW aJawahari, Syed Mahmood aJawaherul Akhlaaq aLondon bNo Publisherc1904 a499p aincludes index and biblioraphy2 aFour Parts Bound Together aIslam-Moral Theology1 aJawahari, Syed Mahmood bRBA cBK 00104070aHMIbHMId2005-07-27g0.00l0o297.5 JAWp4601r2005-07-27w2026-01-16yARB c2515d2515